| 000 | 00528nam a22001937a 4500 | ||
|---|---|---|---|
| 003 | OSt | ||
| 005 | 20140310182033.0 | ||
| 008 | 130814t xxu||||| |||| 00| 0 eng d | ||
| 020 | _a0671834770 | ||
| 050 |
_aBF 636 _b.Se438 1964 |
||
| 082 |
_aHS _b155.2 Se1 1974 |
||
| 100 |
_aSeabury, David _910448 |
||
| 245 |
_aThe art of selfishness / _cby David Seabury. |
||
| 260 |
_aNew York : _bPocket Books, _cc1974. |
||
| 300 |
_a253 p. : _c18 cm. |
||
| 650 |
_aSelf--perception _910087 |
||
| 942 |
_2lcc _cHS |
||
| 999 |
_c8628 _d8628 |
||